Southville International School and Colleges
Your cart is empty.
  • Cart
  • Lists
    Public lists Eva Luna New books Lux_list list_1
    Your lists Log in to create your own lists
  • Log in to your account
  • Your cookies
  • Search history
Southville International School and Colleges
  • Advanced search
  • Recent comments
  • Most popular
  • Libraries

Log in to your account

Log in with GOOGLE


If you do not have an external account, but do have a local account, you can still log in:

  1. Home
  2. MARC view: Planning a professional curriculum :
Normal view MARC view ISBD view

Planning a professional curriculum : (Record no. 1991)

[ view plain ]
MARC details
000 -LEADER
fixed length control field 00558nam a22001817a 4500
003 - CONTROL NUMBER IDENTIFIER
control field OSt
005 - DATE AND TIME OF LATEST TRANSACTION
control field 20151027113211.0
008 - FIXED-LENGTH DATA ELEMENTS--GENERAL INFORMATION
fixed length control field 130306t xxu||||| |||| 00| 0 eng d
020 ## - INTERNATIONAL STANDARD BOOK NUMBER
International Standard Book Number 0919813216
050 ## - LIBRARY OF CONGRESS CALL NUMBER
Classification number LB 2361
Item number .F57 1989
082 ## - DEWEY DECIMAL CLASSIFICATION NUMBER
Classification number IB 378.1996
Item number F53 1989
100 ## - MAIN ENTRY--PERSONAL NAME
Personal name Fishere, Lawrence A.
245 ## - TITLE STATEMENT
Title Planning a professional curriculum :
Remainder of title a guide to understanding programme design
Statement of responsibility, etc Lawrence A. Fishere.
260 ## - PUBLICATION, DISTRIBUTION, ETC. (IMPRINT)
Place of publication, distribution, etc Calgary, Alta :
Name of publisher, distributor, etc University of Calgary Press,
Date of publication, distribution, etc 1989.
300 ## - PHYSICAL DESCRIPTION
Extent 217 p. :
Dimensions 22 cm
942 ## - ADDED ENTRY ELEMENTS (KOHA)
Source of classification or shelving scheme Library of Congress Classification
Koha item type Books
Holdings
Withdrawn status Lost status Source of classification or shelving scheme Damaged status Home library Current library Shelving location Date acquired Source of acquisition Total Checkouts Full call number Barcode Date last seen Copy number Price effective from Koha item type
    Library of Congress Classification   Luxembourg Library Luxembourg Library Teachers Reference Section 03/06/2013 Donation   LB 2361 .F57 1989 13948 08/23/2016 1 03/06/2013 Books

Planning a professional curriculum :

APA

Fishere L. A., . (1989). Planning a professional curriculum. Calgary, Alta: University of Calgary Press.

Chicago

Fishere Lawrence A, . 1989. Planning a professional curriculum. Calgary, Alta: University of Calgary Press.

Harvard

Fishere L. A., . (1989). Planning a professional curriculum. Calgary, Alta: University of Calgary Press.

MLA

Fishere Lawrence A, . Planning a professional curriculum. Calgary, Alta: University of Calgary Press. 1989.

  • Place hold
  • Print
  • Cite
  • Add to your cart (remove)
  • Save record
    BIBTEX Dublin Core MARCXML MARC (non-Unicode/MARC-8) MARC (Unicode/UTF-8) MARC (Unicode/UTF-8, Standard) MODS (XML) RIS
  • More searches
    Search for this title in:
    Other Libraries (WorldCat) Other Databases (Google Scholar) Online Stores (Bookfinder.com) Open Library (openlibrary.org)

Exporting to Dublin Core...

SOUTHVILLE LIBRARY

Southville International School and Colleges Library

1281 Tropical Ave. Cor. Luxembourg St., BF Homes International, Las Pinas City

Tel. No. 8256374 / 252358 Loc. 117/146

Powered by Koha